00704nam a2200193Ia 4500008004100000020001300041082001200054100002300066245010500089250000700194260004100201300002900242500001900271600002100290650005000311942000700361952012700368999001500495240925s9999 xx 000 0 und d a74634739 a004 TUC aTucker, Allen .B 0aFundamentals of Computing I: Lab Manual: C++ Edition: Logic, Problem-solving, Programs and Computers aNA aNew Delhi:bTata McGraw Hillc,1994. axxii,688p.bNAfOriginal aIncludes Index aComputer Science aComputer science, information & general works cBK 001040708CSaUITUbUITUd2002-05-15eRoyal Book Companyg279.80l0o004 TUCpQ4155r2024-09-25 07:13:24w2024-09-25yBK c6654d6654